LEADER 01175nam a2200265 u 4500 001 000000045332 003 CaOOAMICUS 005 20070226114642.0 008 990528n xx u000 u fre u 035 $a10824852 040 $aPUL(R)$bita 100 1 $aMassart-Pierard, Françoise.$0(OLS)http://pul/name/33057 245 14$aLes attitudes des etudiants et la dimension europeene de la culture /$cFrançoise Massart-Pierard .. 260 $a[S. l. :$bs. n.],$cs.d.] 300 $av, 176 p. ;$c26 cm 500 $aIn testa al front.: Universite catholique de Louvain. 500 $aIn calce al front.: Etude élaborée à la demande de la Commission des Communautés européennes. 500 $aDattiloscritto. 650 4$aCultura$zEuropa.$0(OLS)http://pul/subject/14258 850 $aPUL 852 $aPUL$W1$xDP1 Cons. Gen., Altre Classi 1$y22$m43 D 74$j60929$nBK-PRI$b $qStampati$B60929$CPULBib$Z2$F60929 $H $81 941 1 $a8 961 $aINV: 55610 996 $6245$aLes attitudes des etudiants et la dimension europeene de la culture$9(OLS)http://pul/title/61120 996 $6260$a[S. l. :$bs. n.]$9(OLS)http://pul/publisher/47882 LEADER 02262nam a2200385 u 4500 001 000000001855 003 CaOOAMICUS 005 20070226104347.0 008 941013s1989 be m u000 u lat u 020 $a2-503-71132-4 (broché) 020 $a2-503-70000-4 (série) 035 $a10046447 040 $aEFR$bita 245 00$aIsidorus Episcopus Hispalensis De ecclesiasticis officiis /$cdigesserunt Eddy Gouder, Paul Tombeur, Roel Vander Plaetse ; CETEDOC, Universitas Catholica Lovaniensis, Lovanii Novi. 260 $aTurnhout :$bBrepols,$c1989. 300 $a27 p. ;$c26 cm +$e2 microfiches (11 x 15 cm.) 490 1 $aInstrumenta lexicologica Latina.$aSeries B, Enumeratio lemmatum, concordantia lemmatum et formarum, index formarum et lemmatum, index lemmatum a tergo ordinatorum, tabula frequentiarum ;$vfasc. 51 490 1 $aCorpus Christianorum.$aSeries Latina ;$v113 500 $aIntroduction en français. 600 04$aIsidorus,$cs., arciv. di Sevilla,$dc. 570-636.$tDe ecclesiasticis officiis$xConcordanze.$0(OLS)http://pul/subject/1759 700 0 $aIsidorus Hispalensis,$csanto,$dcirca 570-636.$0(OLS)http://pul/name/1319 700 1 $aGouder, Eddy.$0(OLS)http://pul/name/2021 700 1 $aVander Plaetse, Roel.$0(OLS)http://pul/name/2023 700 1 $aTombeur, Paul.$0(OLS)http://pul/name/2022 710 2 $aCETEDOC.$0(OLS)http://pul/name/21 830 0$aInstrumenta lexicologica Latina.$nSeries B,$pEnumeratio lemmatum, concordantia lemmatum et formarum, index formarum et lemmatum, index lemmatum a tergo ordinatorum, tabula frequentiarum ;$vfasc. 51.$0(OLS)http://pul/title/2788 830 0$aCorpus Christianorum.$pSeries Latina ;$v113.$0(OLS)http://pul/title/474 850 $aPUL 852 $aPUL$W1$xSospeso Lavorazione$y8$m87631$j2464$nBK-PRI$b $qStampati$B2464$CPULBib$Z2$F2464 $HPUL87631 $81 900 $aIsidoro de Sevilla,$cs.,$dc. 570-636$91319 941 1 $a8 996 $6020$a2-503-71132-4 (broché)$9(OLS)http://pul/number/2450 996 $6020$a2-503-70000-4 (série)$9(OLS)http://pul/number/2451 996 $6245$aIsidorus Episcopus Hispalensis De ecclesiasticis officiis$9(OLS)http://pul/title/2787 996 $6260$aTurnhout :$bBrepols$9(OLS)http://pul/publisher/47850